[Event "SVK-chT1W 1112"]
[Site "Slovakia"]
[Date "2012.03.03"]
[Round "10.1"]
[White "Pecha, Tomas"]
[Black "Gazik, Igor"]
[Result "1/2-1/2"]
[WhiteElo "2239"]
[BlackElo "2328"]
[PlyCount "67"]
[EventDate "2011.10.15"]
[EventType "team-tourn"]
[EventRounds "11"]
[EventCountry "SVK"]
[SourceTitle "EXT 2013"]
[Source "ChessBase"]
[SourceDate "2012.11.22"]
[SourceVersion "1"]
[SourceVersionDate "2012.11.22"]
[SourceQuality "1"]
[WhiteTeam "Povazska Bystrica"]
[BlackTeam "Prievidza II"]
[WhiteTeamCountry "SVK"]
[BlackTeamCountry "SVK"]

1. e4 Nf6 2. e5 Nd5 3. d4 d6 4. c4 Nb6 5. exd6 exd6 6. h3 Nc6 7. Nf3 Be7 8. Nc3 Bf6 9. Qe2+ Qe7 10. Qxe7+ Bxe7 11. Be3 Bf5 12. 0-0-0 0-0 13. Be2 Rfd8 14. d5 Ne5 15. Nd4 Bd7 16. b3 c5 17. Nc2 Re8 18. f4 Ng6 19. Bd3 f5 20. Rhg1 Bf6 21. Kd2 Re7 22. g3 Rae8 23. Bf2 a6 24. Ne2 Nc8 25. Ne3 b5 26. Rge1 Nb6 27. Bxf5 Rxe3 28. Bxd7 Rxe2+ 29. Rxe2 Rxe2+ 30. Kxe2 Nxd7 31. Kd3 b4 32. Re1 Kf7 33. Ke4 a5 34. Re2 1/2-1/2

[Event "Marianske Lazne IM-B 11th"]
[Site "Marianske Lazne"]
[Date "2012.01.28"]
[Round "9"]
[White "Roesemann, Rainer"]
[Black "Pecha, Tomas"]
[Result "1/2-1/2"]
[WhiteElo "2302"]
[BlackElo "2242"]
[PlyCount "20"]
[EventDate "2012.01.21"]
[EventType "tourn"]
[EventRounds "9"]
[EventCountry "CZE"]
[EventCategory "1"]
[SourceTitle "CBM 146 Extra"]
[Source "ChessBase"]
[SourceDate "2012.02.29"]
[SourceVersion "1"]
[SourceVersionDate "2012.02.29"]
[SourceQuality "1"]

1. c4 e5 2. g3 Nf6 3. Bg2 d5 4. cxd5 Nxd5 5. Nc3 Nb6 6. Nf3 Nc6 7. 0-0 Be7 8. a3 0-0 9. b4 Be6 10. d3 f5 1/2-1/2